| 000 | 00000nam##2200000za#4500 |
| 001 | 9.686338 |
| 003 | CaOODSP |
| 005 | 20210624230506 |
| 007 | cr ||||||||||| |
| 008 | 150407|2002||||xxc|||||o f|0| 0 eng|d |
| 020 | |a0-662-32841-8 |
| 040 | |aCaOODSP|beng |
| 043 | |an-cn--- |
| 086 | 1 |aCP22-66/2002E-IN |
| 110 | 1 |aCanada. |bPrivy Council Office. |
| 245 | 12|aA code of good practice on funding : |h[electronic resource]|bbuilding on an accord between the government of Canada and the voluntary sector / |cDeveloped by the Joint Accord Table of the Voluntary Sector Initiative. |
| 260 | |aOttawa - Ontario : |bPrivy Council Office |c2002. |
| 300 | |a26p.|breferences |
| 500 | |aAt head of title: Voluntary Sector Initiative. |
| 590 | |a02-50|b2002-12-13 |
| 775 | 08|tCode de bonnes pratiques de financement : |w(CaOODSP)9.630810 |
| 776 | 0#|tA code of good practice on funding : |w(CaOODSP)9.664081 |
| 776 | 0#|tCode de bonnes pratiques de financement : |w(CaOODSP)9.664082 |
| 856 | 40|ahttp://publications.gc.ca|qPDF|s176 KB|uhttps://publications.gc.ca/collections/Collection/CP22-66-2002E.pdf |